MARC
| LEADER | 00000 a a2200000 04500 | ||
|---|---|---|---|
| 001 | 16709 | ||
| 003 | cru CIDCACS/IIS | ||
| 005 | 20231207094451.0 | ||
| 008 | 231206b |||||||| |||| 00| 0 spa d | ||
| 040 | |c cru CIDCACS/IIS | ||
| 090 | |a 05.01.02 B666c | ||
| 100 | |a Bodemann, Michal | ||
| 245 | |a Critiques and paradigms of sociological practice | ||
| 260 | |a Cartagena: |b A.I.S. | ||
| 300 | |a 52 p. | ||
| 942 | |2 z |c LITG |h 05.01.02 B666c |i 09046 |6 050102_B666C_09046 | ||
| 999 | |c 16565 |d 16565 | ||
